[Event "Cambridge Int Open 2023"]
[Site "Cambridge ENG"]
[Date "2023.02.15"]
[Round "2.38"]
[White "Soulier, Alfred"]
[Black "Portheault, Benjamin"]
[Result "1-0"]
[WhiteElo "1722"]
[BlackElo "1498"]
[WhiteFideId "486264"]
[BlackFideId "456373"]
[EventDate "2023.02.15"]

1. e4 d6 2. d4 Nf6 3. Nc3 g6 4. f4 Bg7 5. Nf3 O-O 6. Bd3 Na6 7. Bxa6 bxa6 8. O-O
Rb8 9. Qe2 Nd7 10. e5 c5 11. exd6 exd6 12. dxc5 dxc5 13. Qd3 Qa5 14. Nd5 Re8 15.
Bd2 Qd8 16. Bc3 Nf6 17. Nxf6+ Bxf6 18. Qxd8 Bxd8 19. Rfe1 Rxe1+ 20. Rxe1 Kf8 21.
Kf2 f6 22. h3 h5 23. Re2 Kf7 24. Nd2 Bc7 25. Ne4 Bxf4 26. Nxf6 Bg5 27. Ne4 Be7
28. Nd2 Be6 29. a3 Rb7 30. Nf3 Bc8 31. Ne5+ Kf6 32. Re3 g5 33. Nc6+ Kf7 34. Na5
Rc7 35. Nc4 Bb7 36. Ne5+ Kf8 37. Ba5 Bd6 38. Bxc7 Bxc7 39. Ng6+ Kg8 40. Re7 Bb6
41. Rxb7 1-0

[Event "Cambridge Int Open 2023"]
[Site "Cambridge ENG"]
[Date "2023.02.15"]
[Round "2.41"]
[White "Catabay, Rezin C"]
[Black "Blinov, Roman"]
[Result "0-1"]
[WhiteElo "1597"]
[BlackElo "1731"]
[WhiteFideId "487686"]
[BlackFideId "343104478"]
[EventDate "2023.02.15"]

1. d4 d5 2. c4 c6 3. Nf3 Nf6 4. g3 dxc4 5. Bg2 b5 6. a4 Bb7 7. Ne5 Qb6 8. Nc3 a6
9. b3 cxb3 10. Qxb3 e6 11. e3 Nbd7 12. Nxd7 Nxd7 13. a5 Qc7 14. O-O Be7 15. Bd2
O-O 16. Rac1 Rac8 17. e4 Qxa5 18. Nd5 Qa3 19. Nxe7+ Qxe7 20. Bb4 c5 21. dxc5 Bc6
22. Qa3 Ra8 23. Rfd1 Ne5 24. Rd6 Rfc8 25. Qa1 Nc4 26. Rxc6 Rxc6 27. e5 Rcc8 28.
Bxa8 Rxa8 29. Ba3 Qc7 30. Qc3 Qxe5 31. Qxe5 Nxe5 32. c6 Rc8 33. c7 h6 34. Be7
Nc4 35. Bd8 Nb6 36. Be7 f6 37. Rc6 Kf7 38. Bd6 Nc4 39. Rxa6 Nxd6 40. Rxd6 Rxc7
41. Rb6 Rc1+ 42. Kg2 Rb1 43. Rb7+ Kg6 44. h3 b4 45. g4 b3 46. Rb5 f5 47. gxf5+
exf5 48. Rb6+ Kg5 49. Rb4 f4 50. h4+ Kf5 51. Rd4 g5 52. hxg5 hxg5 53. Rd8 b2 54.
Rb8 g4 55. Rf8+ Ke6 56. Re8+ Kd7 57. Rb8 f3+ 58. Kh2 g3+ 59. fxg3 f2 0-1

[Event "Cambridge Int Open 2023"]
[Site "Cambridge ENG"]
[Date "2023.02.15"]
[Round "2.42"]
[White "Golubovic, Erik"]
[Black "Kent, Rowan"]
[Result "1-0"]
[WhiteElo "1887"]
[BlackElo "1247"]
[WhiteFideId "14586908"]
[BlackFideId "460931"]
[EventDate "2023.02.15"]

1. e4 e5 2. Nc3 Nf6 3. Bc4 Nxe4 4. Qh5 Ng5 5. d4 Ne6 6. d5 Nd4 7. d6 Ne6 8. Bxe6
dxe6 9. Bg5 Qd7 10. dxc7 Qxc7 11. O-O-O Bd7 12. Nf3 Bb4 13. Ne4 Nc6 14. a3 Bf8
15. Rd2 Rc8 16. Rhd1 Nd4 17. Kb1 Qb6 18. Nxe5 g6 19. Nf6+ Kd8 20. Nfxd7+ Ke8 21.
Nxb6 gxh5 22. Rxd4 1-0

[Event "Cambridge Int Open 2023"]
[Site "Cambridge ENG"]
[Date "2023.02.15"]
[Round "2.43"]
[White "Kaushik, Madhav"]
[Black "Hertog, Alexander"]
[Result "1-0"]
[WhiteElo "1443"]
[BlackElo "1641"]
[WhiteFideId "499986"]
[BlackFideId "488453"]
[EventDate "2023.02.15"]

1. e4 c6 2. d4 d5 3. e5 c5 4. c3 Nc6 5. Be2 Qb6 6. dxc5 Qxc5 7. b4 Qb6 8. Qxd5
Be6 9. Qe4 g6 10. Nf3 Bf5 11. Qh4 Bg7 12. Qg3 e6 13. Na3 Qc7 14. Nb5 Qd7 15. Bf4
h6 16. Rd1 Qe7 17. h4 f6 18. exf6 1-0

[Event "Cambridge Int Open 2023"]
[Site "Cambridge ENG"]
[Date "2023.02.15"]
[Round "2.44"]
[White "Bowers, Francis J"]
[Black "Li, Reya"]
[Result "1-0"]
[WhiteElo "1855"]
[BlackElo "1474"]
[WhiteFideId "438383"]
[BlackFideId "486892"]
[EventDate "2023.02.15"]

1. e4 e5 2. Nf3 Nc6 3. Bb5 a6 4. Ba4 Nf6 5. O-O b5 6. Bb3 Bc5 7. d3 d6 8. c3 Bg4
9. h3 Bh5 10. Nbd2 O-O 11. Re1 h6 12. Nf1 Qd7 13. Ng3 Bg6 14. Nh4 Kh7 15. Qd2
Rae8 16. Ngf5 Ne7 17. Nxg7 Nfg8 18. Nxe8 Qxe8 19. Nxg6 fxg6 20. d4 Bb6 21. Bxg8+
Nxg8 22. Re3 g5 23. a4 Nf6 24. axb5 axb5 25. Qd3 c5 26. dxc5 Bxc5 27. Rf3 Kg7
28. b4 d5 29. Rxf6 Rxf6 1-0

[Event "Cambridge Int Open 2023"]
[Site "Cambridge ENG"]
[Date "2023.02.15"]
[Round "2.45"]
[White "Pride, Stephen C"]
[Black "Latypova, Olga L"]
[Result "1/2-1/2"]
[WhiteElo "1533"]
[BlackElo "1754"]
[WhiteFideId "419680"]
[BlackFideId "472476"]
[EventDate "2023.02.15"]

1. d4 Nf6 2. Bf4 g6 3. Nc3 d5 4. e3 Bg7 5. h4 h5 6. Be2 c5 7. Nb5 Na6 8. c3 O-O
9. dxc5 Ne4 10. Nf3 Nexc5 11. O-O Re8 12. Rc1 e5 13. Bg3 b6 14. c4 Bb7 15. cxd5
Bxd5 16. Nc3 Bc6 17. Qxd8 Raxd8 18. Rfd1 f6 19. Ne1 Bf8 20. f3 Nb8 21. Bc4+ 1/2-1/2

[Event "Cambridge Int Open 2023"]
[Site "Cambridge ENG"]
[Date "2023.02.15"]
[Round "2.46"]
[White "Matthews, Adrian M S"]
[Black "Weersing, Nathan"]
[Result "1-0"]
[WhiteElo "1781"]
[BlackElo "1451"]
[WhiteFideId "413631"]
[BlackFideId "467936"]
[EventDate "2023.02.15"]

1. e4 e6 2. d4 d5 3. e5 c5 4. c3 Nc6 5. Nf3 Qb6 6. Bd3 Bd7 7. dxc5 Bxc5 8. O-O
d4 9. b4 Be7 10. b5 Na5 11. Nxd4 Rc8 12. Qe2 Nh6 13. Bb2 Nf5 14. Nd2 a6 15. a4
Bc5 16. Ne4 O-O 17. Nxc5 Qxc5 18. Nxf5 exf5 19. Ba3 Qxc3 20. Bxf8 Kxf8 21. bxa6
bxa6 22. Bxa6 Rc5 23. f4 Nb3 24. Rad1 Bxa4 25. Rd8+ Ke7 26. Qd3 Qxd3 27. Rxd3
Rc7 28. Rd6 Nc5 29. Ra1 f6 30. Bd3 Nxd3 31. Rxd3 Bb5 32. exf6+ Kxf6 33. Rd6+ Kf7
34. Rad1 g6 35. h4 Ba4 36. R1d2 Bb5 37. Kf2 Ke7 38. Rb6 Ba4 39. h5 Be8 40. Rb8
Bf7 41. h6 Kf6 42. Rh8 Be6 43. Rf8+ Ke7 44. Rh8 Kf6 45. Rdd8 Ke7 46. Rde8+ Kd6
47. Rd8+ Kc5 48. Rhe8 Bf7 49. Rc8 Kd6 50. Rxc7 Bxe8 51. Rxh7 Ke6 52. Rh8 Kf7 53.
Rxe8 1-0

[Event "Cambridge Int Open 2023"]
[Site "Cambridge ENG"]
[Date "2023.02.15"]
[Round "2.47"]
[White "Rastogi, Nayan Keats"]
[Black "Rida, Ruqayyah"]
[Result "1/2-1/2"]
[WhiteElo "1421"]
[BlackElo "1669"]
[WhiteFideId "343407579"]
[BlackFideId "343272375"]
[EventDate "2023.02.15"]

1. e4 e5 2. Nf3 Nc6 3. Bb5 a6 4. Ba4 Nf6 5. O-O b5 6. Bb3 Bc5 7. c3 d6 8. d4 Bb6
9. a4 Bb7 10. Re1 h6 11. Bc2 O-O 12. d5 Ne7 13. Nbd2 Ng4 14. Re2 Ng6 15. h3
Bxf2+ 16. Rxf2 Ne3 17. Qe2 Nxc2 18. Ra2 Nf4 19. Qd1 Ne3 20. Qe1 Nc4 21. Qf1 Nxd2
22. Bxd2 c6 23. Bxf4 exf4 24. dxc6 Bxc6 25. Nd4 Bxe4 26. axb5 axb5 27. Rxa8 Bxa8
28. Rxf4 d5 29. Qxb5 Qc7 30. Qf1 Rb8 31. Rf2 Rb6 32. Re2 Bb7 33. Qb1 g6 34. Qc1
Kg7 35. Qe1 Rf6 36. b4 Bc8 37. Rf2 Qg3 38. Re2 Qg5 39. Re5 1/2-1/2

[Event "Cambridge Int Open 2023"]
[Site "Cambridge ENG"]
[Date "2023.02.15"]
[Round "2.51"]
[White "Adams, George"]
[Black "Bryant, Harry"]
[Result "1-0"]
[WhiteElo "1494"]
[BlackElo "1686"]
[WhiteFideId "487643"]
[BlackFideId "489158"]
[EventDate "2023.02.15"]

1. d4 d5 2. Nf3 Nf6 3. Bf4 c5 4. e3 Nc6 5. c3 Qb6 6. Na3 a6 7. Qb3 Qxb3 8. axb3
e6 9. Nb5 Kd8 10. Ng5 Rg8 11. Nxf7+ Kd7 12. Ne5+ Nxe5 13. Bxe5 b6 14. Nc7 Ra7
15. Nxa6 Kd8 16. Bb5 Nd7 17. Bg3 Be7 18. O-O Nf6 19. Nb8 Rxa1 20. Rxa1 Ne4 21.
Nc6+ Ke8 22. Ne5+ Kf8 23. Ra8 Nd6 24. Bd7 g6 25. Bxe6 Kg7 26. Bxg8 Kxg8 27. Nc6
Kf7 28. Bxd6 Bxd6 29. Rxc8 1-0

[Event "Cambridge Int Open 2023"]
[Site "Cambridge ENG"]
[Date "2023.02.15"]
[Round "2.57"]
[White "Walker, Heather Enid"]
[Black "Turner, David J"]
[Result "0-1"]
[WhiteElo "1280"]
[BlackElo "1762"]
[WhiteFideId "343402127"]
[BlackFideId "419737"]
[EventDate "2023.02.15"]

1. d4 d6 2. e4 Nf6 3. Nc3 c6 4. Bc4 b5 5. Be2 b4 6. e5 dxe5 7. dxe5 bxc3 8.
Qxd8+ Kxd8 9. exf6 cxb2 10. fxe7+ Bxe7 11. Bxb2 Bb4+ 12. c3 Ba5 13. Nf3 Re8 14.
Nd4 Ba6 15. Rd1 Kc7 16. Rd2 Nd7 17. O-O Bxe2 18. Rxe2 Rxe2 19. Nxe2 Re8 20. Nd4
Bb6 21. g3 Ne5 22. Kg2 Nc4 23. Bc1 Bxd4 24. cxd4 Re2 25. a4 Ra2 26. Re1 Kd7 27.
Kf3 Rxa4 28. Rd1 Ra1 29. Ke2 a5 30. d5 c5 31. d6 a4 32. Bf4 Rxd1 33. Kxd1 Nxd6
34. Kc2 Kc6 35. h4 Nc4 36. Bc1 Kd5 37. Kd3 a3 38. Kc2 a2 39. Bb2 Nxb2 40. Kxb2
a1=Q+ 41. Kxa1 Ke4 42. f4 Kf3 0-1

[Event "Cambridge Int Open 2023"]
[Site "Cambridge ENG"]
[Date "2023.02.16"]
[Round "3.1"]
[White "Dardha, Daniel"]
[Black "Bazakutsa, Svyatoslav"]
[Result "1/2-1/2"]
[WhiteTitle "GM"]
[BlackTitle "FM"]
[WhiteElo "2612"]
[BlackElo "2330"]
[WhiteFideId "240990"]
[BlackFideId "14198525"]
[EventDate "2023.02.15"]

1. d4 Nf6 2. c4 g6 3. Nc3 Bg7 4. e4 d6 5. Nf3 O-O 6. Bd3 Bg4 7. Be2 Nfd7 8. Be3
Nc6 9. Ng1 Bxe2 10. Ngxe2 e5 11. O-O exd4 12. Nxd4 Nxd4 13. Bxd4 Re8 14. Bxg7
Kxg7 15. Qd4+ Qf6 16. Rfd1 Qxd4 17. Rxd4 a5 18. f3 Nc5 19. b3 h5 20. Nd5 Ne6 21.
Rd2 Red8 22. Rad1 Kf8 23. Kf2 Ra6 24. Nc3 f6 25. Ke3 Raa8 26. g3 Rd7 27. Rd5 Re7
28. Kf2 Nc5 29. R5d2 Kg7 30. Nd5 Rf7 31. Re1 Re8 32. Re3 Re5 33. a3 Na6 34. Nf4
Re8 35. Rd5 b6 36. Rd2 Rd7 37. Re1 Kf7 38. Rg1 Rb8 39. Rc1 Rdd8 40. Ne2 Ke6 41.
Rb1 Ra8 42. b4 axb4 43. axb4 Nb8 44. c5 Nc6 45. Nf4+ Kf7 46. cxb6 cxb6 47. Rc1
Ne5 48. Rc7+ Rd7 49. Rxd7+ Nxd7 50. Rxd6 Ne5 51. Nd5 Ra2+ 52. Ke1 Nxf3+ 53. Kd1
Ng5 54. Nc3 Rxh2 55. Rxb6 h4 56. gxh4 Rxh4 57. b5 Nxe4 58. Nd5 Rh5 59. Rb7+ Ke8
60. Nf4 Rxb5 61. Rxb5 Nc3+ 62. Kd2 Nxb5 63. Nxg6 1/2-1/2

[Event "Cambridge Int Open 2023"]
[Site "Cambridge ENG"]
[Date "2023.02.16"]
[Round "3.2"]
[White "Ismail, Mohammed Aayan"]
[Black "Korneev, Oleg"]
[Result "1/2-1/2"]
[BlackTitle "GM"]
[WhiteElo "2211"]
[BlackElo "2485"]
[WhiteFideId "465135"]
[BlackFideId "4156803"]
[EventDate "2023.02.15"]

1. d4 d5 2. c4 e6 3. Nf3 Nf6 4. Nc3 c6 5. e3 Nbd7 6. Bd3 dxc4 7. Bxc4 b5 8. Bd3
a6 9. O-O c5 10. Qe2 Bb7 11. Rd1 Qc7 12. Bc2 Bd6 13. a3 O-O 14. h3 h6 15. dxc5
Bxc5 16. e4 Rfd8 17. Be3 Bxe3 18. Qxe3 Nb6 19. Bd3 Nc4 20. Qe2 Ne5 21. Nxe5 Qxe5
22. Bc2 Qg5 23. Rxd8+ Rxd8 24. Rd1 Rc8 25. Qd2 Qxd2 26. Rxd2 Kf8 27. e5 Nd5 28.
Ne4 Nb6 29. Nd6 Rd8 30. Bd3 Bd5 31. Rc2 g5 32. g3 Bf3 33. Be2 Bxe2 34. Rxe2 Nc4
35. Nxc4 bxc4 36. Rc2 Rd5 37. Rxc4 Rxe5 38. Kf1 a5 39. Rc7 Rb5 40. Ra7 Kg7 41.
a4 Rxb2 42. Rxa5 Ra2 43. Kg2 f5 44. Ra7+ Kf6 45. a5 h5 46. a6 g4 47. h4 Ke5 48.
Ra8 Ke4 49. a7 e5 50. Kg1 Ra5 51. Kg2 Ra1 52. Kh2 Ra6 53. Kg1 Ra1+ 54. Kg2 Ra2
55. Kg1 Ra1+ 1/2-1/2

[Event "Cambridge Int Open 2023"]
[Site "Cambridge ENG"]
[Date "2023.02.16"]
[Round "3.3"]
[White "Clarke, Brandon G I"]
[Black "Anand, Batsukh"]
[Result "1-0"]
[WhiteTitle "IM"]
[BlackTitle "FM"]
[WhiteElo "2473"]
[BlackElo "2197"]
[WhiteFideId "400319"]
[BlackFideId "4903510"]
[EventDate "2023.02.15"]

1. e4 c5 2. Nf3 e6 3. d4 cxd4 4. Nxd4 Nc6 5. Nc3 Qc7 6. Be3 a6 7. Qd2 Nf6 8.
O-O-O Bb4 9. f3 Ne5 10. Nb3 b5 11. Kb1 Be7 12. Qf2 Bb7 13. Na5 Bc6 14. Bb6 Qc8
15. Bc5 Qd8 16. Bxe7 Qxe7 17. Qd4 Ng6 18. e5 Nd5 19. Nxd5 Bxd5 20. c4 Bc6 21. h4
Qd8 22. h5 Qxa5 23. hxg6 fxg6 24. Bd3 bxc4 25. Bxg6+ Kd8 26. Be4 Qb5 27. Bxc6
Qxc6 28. Qg4 Rb8 29. Qxg7 Kc7 30. Rh4 Rhd8 31. Rdd4 Rb4 32. a3 Ra4 33. Qxh7 Kb8
34. Qe7 Kc7 35. Qd6+ Qxd6 36. Rxd6 Kb7 37. Rhd4 Kc8 38. Kc2 Rg8 39. g4 Rg5 40.
Rxd7 Rxe5 41. Re7 Re2+ 42. Rd2 Rxd2+ 43. Kxd2 c3+ 44. Kxc3 Rf4 45. Rxe6 Rxf3+
46. Kb4 Kb7 47. Ka5 Rb3 48. Re4 Rb5+ 49. Ka4 Kc6 50. Rc4+ Kd5 51. Rb4 Rc5 52.
Rb6 Rc2 53. b4 Rg2 54. Rxa6 Rxg4 55. Ka5 Kc4 56. Ka4 Kc3 57. Rc6+ Kb2 58. Rh6
Rf4 59. Rh3 Rg4 60. Ka5 Rg5+ 61. b5 Rf5 62. a4 Ka1 63. Rh2 Rf6 64. b6 Rf5+ 65.
Ka6 Rf6 66. a5 Rf5 67. b7 Rf8 68. Rc2 Rf6+ 69. Ka7 Rf7 70. a6 Rf6 71. Rc1+ Kb2
72. Rc7 Rf8 73. b8=R+ 1-0

[Event "Cambridge Int Open 2023"]
[Site "Cambridge ENG"]
[Date "2023.02.16"]
[Round "3.4"]
[White "Hunt, Harriet V"]
[Black "Bosiocic, Marin"]
[Result "0-1"]
[WhiteTitle "IM"]
[BlackTitle "GM"]
[WhiteElo "2349"]
[BlackElo "2564"]
[WhiteFideId "403512"]
[BlackFideId "14507927"]
[EventDate "2023.02.15"]

1. e4 c5 2. Nf3 Nc6 3. Bb5 e6 4. O-O Nge7 5. b3 a6 6. Bxc6 Nxc6 7. Bb2 b5 8. c4
bxc4 9. bxc4 Rb8 10. Bc3 Bb7 11. Re1 Qc7 12. Na3 f6 13. Nh4 Bd6 14. Qh5+ Ke7 15.
g3 Be5 16. Rac1 Rbg8 17. Nf3 Bxc3 18. Rxc3 g6 19. Qxc5+ d6 20. Qe3 Ne5 21. d4
Nxf3+ 22. Qxf3 e5 23. d5 Qc5 24. Nc2 a5 25. Rb1 Ba6 26. Qg4 Bc8 27. Qe2 Bd7 28.
Rb7 Rb8 29. Rcb3 Rxb7 30. Rxb7 Rc8 31. Ne3 Rc7 32. Rxc7 Qxc7 33. Kg2 Qb6 34. Qd2
Ba4 35. Nf1 Qb1 36. f3 Qb6 37. Qf2 Qb4 38. Nd2 Bd7 39. Qe3 h5 40. a3 Qb2 41. c5
a4 42. cxd6+ Kxd6 43. f4 Bg4 44. fxe5+ fxe5 45. h3 Bd7 46. Kf3 Qc2 47. Qg5 Qc3+
48. Kg2 Kc5 49. g4 h4 50. Nf3 Qc2+ 51. Nd2 Kd4 52. Kf2 Kc3 53. Qe3+ Kb2 54. Kf3
Bb5 55. d6 g5 56. Qxg5 Qd1+ 57. Kf2 Qe2+ 58. Kg1 Qe1+ 59. Kg2 Qg3+ 60. Kh1 Qxh3+
61. Kg1 Qg3+ 62. Kh1 Kc2 63. Qf5 Qe1+ 64. Nf1 Bxf1 65. d7 Be2+ 0-1

[Event "Cambridge Int Open 2023"]
[Site "Cambridge ENG"]
[Date "2023.02.16"]
[Round "3.5"]
[White "Fernandez, Daniel Howard"]
[Black "Mihalik, Agoston"]
[Result "1-0"]
[WhiteTitle "GM"]
[WhiteElo "2481"]
[BlackElo "2142"]
[WhiteFideId "5801605"]
[BlackFideId "719021"]
[EventDate "2023.02.15"]

1. d4 Nf6 2. Nc3 d5 3. Bf4 c5 4. e4 dxe4 5. dxc5 Qa5 6. Qd2 g6 7. Nxe4 Qxd2+ 8.
Nxd2 Bg7 9. O-O-O O-O 10. Ngf3 Be6 11. a3 Nbd7 12. Ng5 Bf5 13. Nb3 Rac8 14. c6
Rxc6 15. Nd4 Rcc8 16. Nxf5 gxf5 17. g3 Nc5 18. Nh3 Rfd8 19. Rxd8+ Rxd8 20. f3
Nd5 21. Bd2 Na4 22. c3 Nc5 23. Kc2 e5 24. Bc4 h6 25. Rd1 Nb6 26. Be2 Nd5 27. Bc1
Ne6 28. a4 Kf8 29. g4 f4 30. Bc4 Ndc7 31. Rxd8+ Nxd8 32. Nf2 Bf6 33. b4 Nde6 34.
Ne4 Be7 35. Bd2 Ke8 36. Be1 Kd7 37. Bf2 b6 38. h4 Bd8 39. Nd2 Ne8 40. Bb5+ Ke7
41. Nc4 Bc7 42. a5 Nd6 43. axb6 axb6 44. Nxd6 Kxd6 45. Kd3 Bd8 46. Be8 Ke7 47.
Ba4 f5 48. gxf5 Ng7 49. Ke4 Kf6 50. Bd7 Nh5 51. Kd5 Ng3 52. c4 Nxf5 53. Bxf5
Kxf5 54. h5 Bc7 55. b5 Kg5 56. Kc6 Bd8 57. Kd7 Bf6 58. c5 bxc5 59. b6 e4 60.
fxe4 c4 61. b7 Be5 62. Bd4 Bb8 63. Kc8 c3 64. Kxb8 c2 65. Bb2 f3 66. Kc8 f2 67.
b8=Q f1=Q 68. Qe5+ Kg4 69. Qc5 Qa6+ 70. Kc7 Qe6 71. Qc6 Qb3 72. Bc1 Kxh5 73.
Qd5+ Qxd5 74. exd5 1-0

[Event "Cambridge Int Open 2023"]
[Site "Cambridge ENG"]
[Date "2023.02.16"]
[Round "3.6"]
[White "Saunders, Aron"]
[Black "Czopor, Maciej"]
[Result "1/2-1/2"]
[BlackTitle "FM"]
[WhiteElo "2109"]
[BlackElo "2412"]
[WhiteFideId "469343"]
[BlackFideId "21805431"]
[EventDate "2023.02.15"]

1. e4 Nc6 2. Nf3 e5 3. Bc4 Bc5 4. c3 Nf6 5. d3 O-O 6. Bg5 h6 7. Bh4 g5 8. Bg3 d6
9. O-O a6 10. a4 Ba7 11. Nbd2 Kg7 12. Re1 Nh7 13. Nf1 f5 14. exf5 Bxf5 15. Ne3
Bg6 16. d4 exd4 17. Nxd4 Nxd4 18. cxd4 h5 19. h3 h4 20. Bh2 Qf6 21. Ng4 Qxd4 22.
Re7+ Kh8 23. Rxc7 Nf6 24. Bxd6 Nxg4 25. Qxd4+ Bxd4 26. Bxf8 Rxf8 27. hxg4 Rxf2
28. Rd7 Be3 29. Kh1 Be4 30. Bd5 Rd2 31. Re7 Bxd5 32. Rxe3 Rxg2 33. Rae1 Rxb2+
34. Kg1 Rg2+ 35. Kf1 Rxg4 36. Rd1 Rf4+ 37. Kg1 Rf5 38. Re7 b5 39. Rd7 Bf7 40. a5
Kg7 41. R1d6 b4 42. Rxa6 b3 43. Raa7 h3 44. Rab7 g4 45. Rxb3 Rxa5 46. Rb4 Ra1+
47. Kh2 Ra2+ 48. Kh1 Ra1+ 49. Kh2 Ra2+ 50. Kh1 Ra1+ 51. Kh2 Ra2+ 1/2-1/2

[Event "Cambridge Int Open 2023"]
[Site "Cambridge ENG"]
[Date "2023.02.16"]
[Round "3.7"]
[White "Southcott-Moyers, Indy"]
[Black "Hebden, Mark L"]
[Result "1/2-1/2"]
[BlackTitle "GM"]
[WhiteElo "2077"]
[BlackElo "2454"]
[WhiteFideId "488542"]
[BlackFideId "400084"]
[EventDate "2023.02.15"]

1. d4 Nf6 2. c4 g6 3. Nc3 Bg7 4. e4 d6 5. Nf3 O-O 6. Be2 e5 7. Be3 Nbd7 8. O-O
Qe7 9. dxe5 dxe5 10. Nd5 Qd8 11. Qc2 Nh5 12. Nd2 c6 13. Nc3 Nf4 14. Nf3 Qe7 15.
Qd2 Nc5 16. Rad1 a5 17. Rfe1 a4 18. Qd6 Qxd6 19. Rxd6 Nfe6 20. Red1 Re8 21. Kf1
f6 22. R6d2 Bf8 23. g3 Nc7 24. Ne1 N7a6 25. f3 Be6 26. Nc2 Be7 27. Kf2 Bd8 28.
Kg2 Ba5 29. Bf1 f5 30. exf5 Bxf5 31. g4 Be6 32. h3 Bf7 33. Rd6 e4 34. Nxe4 Nxe4
35. fxe4 Rxe4 36. R6d4 Rxd4 37. Rxd4 Bb6 38. Rd1 Bxe3 39. Nxe3 Re8 40. Kf3 Nc5
41. h4 Be6 42. Bd3 Kg7 43. Bc2 Kf6 44. b4 axb3 45. axb3 Na6 46. Rd2 Nb4 47. Bd1
h6 48. Nc2 Nxc2 49. Bxc2 g5 50. hxg5+ hxg5 51. Rh2 Ke5 52. Rh5 Rg8 53. Rh7 Rf8+
54. Ke3 Bxg4 55. Rg7 Rf3+ 56. Kd2 Rf2+ 57. Kc3 Bf5 58. Bxf5 Rxf5 59. Rxb7 g4 60.
Kd2 g3 61. Rg7 Kf4 62. Ke2 c5 63. Kf1 Kf3 64. Kg1 Re5 65. Rf7+ Kg4 66. Rg7+ Kf4
67. Rf7+ Ke3 68. Kg2 Kd2 69. Rd7+ Kc3 70. Rd5 Re2+ 71. Kxg3 Kb4 72. Kf3 Re1 73.
Kf2 Rb1 74. Ke2 Rxb3 75. Kd2 Kxc4 76. Rh5 Kb4 77. Kc2 Rg3 78. Rh8 Rg2+ 79. Kc1
Re2 80. Rh3 Kc4 81. Rh4+ Kd3 82. Rh3+ Re3 83. Rxe3+ Kxe3 84. Kc2 Kd4 85. Kd2 c4
86. Kc2 c3 87. Kc1 Kd3 88. Kd1 c2+ 89. Kc1 Kc3 1/2-1/2

[Event "Cambridge Int Open 2023"]
[Site "Cambridge ENG"]
[Date "2023.02.16"]
[Round "3.8"]
[White "Roberson, Peter T"]
[Black "Weersing, Abigail Riis"]
[Result "1-0"]
[WhiteTitle "IM"]
[WhiteElo "2426"]
[BlackElo "1827"]
[WhiteFideId "412384"]
[BlackFideId "460036"]
[EventDate "2023.02.15"]

1. e4 e6 2. d4 d5 3. e5 c5 4. c3 Nc6 5. Nf3 Qb6 6. Bd3 Bd7 7. dxc5 Bxc5 8. O-O
a5 9. Nbd2 Qc7 10. Re1 Nge7 11. Nb3 Ba7 12. Bf4 Qb6 13. Qe2 Ng6 14. Be3 Qc7 15.
Bxa7 Nf4 16. Qe3 Nxd3 17. Bb6 d4 18. Qxd3 Qxb6 19. Nbxd4 Rd8 20. Re2 Ne7 21. Ng5
Bc6 22. Qh3 Bd5 23. b3 Ng6 24. Qe3 h6 25. Nh3 O-O 26. Rd1 Qc5 27. Red2 b6 28.
Nc2 Rc8 29. c4 Ba8 30. f4 Qc6 31. Nd4 Qc5 32. Nc2 Qc6 33. Qf2 Qb7 34. Na3 Ne7
35. Rd6 Rc5 36. Rd7 Rc7 37. Rxc7 Qxc7 38. Nb5 Qb7 39. Nd6 Qc6 40. Qg3 Rd8 41.
Nf2 Qc5 42. Kf1 Qa3 43. Qe3 Qxa2 44. Qxb6 Nc6 45. Qe3 Nb4 46. Qc3 Qc2 47. Qxc2
Nxc2 48. Rd3 Kf8 49. g3 Ke7 50. Ke2 Nb4 51. Rd1 Nc6 52. Nb5 Rb8 53. Ne4 Nxe5 54.
fxe5 Bxe4 55. Ra1 Ra8 56. Kd2 f6 57. b4 Rd8+ 58. Ke3 Bd3 59. Nd4 Rd7 60. Nc6+
Kf7 61. Rd1 Rc7 62. Nxa5 Bf5 63. b5 1-0

[Event "Cambridge Int Open 2023"]
[Site "Cambridge ENG"]
[Date "2023.02.16"]
[Round "3.9"]
[White "Payne, Matthew J"]
[Black "Arkell, Keith C"]
[Result "1/2-1/2"]
[BlackTitle "GM"]
[WhiteElo "2104"]
[BlackElo "2404"]
[WhiteFideId "417084"]
[BlackFideId "400270"]
[EventDate "2023.02.15"]

1. e4 e6 2. d4 d5 3. e5 c5 4. c3 Nc6 5. Nf3 Nge7 6. Na3 cxd4 7. cxd4 Nf5 8. Nc2
Be7 9. Bd3 h5 10. Bd2 g5 11. h3 a5 12. Qc1 Rg8 13. g4 hxg4 14. hxg4 Nh4 15. Nxh4
gxh4 16. Qd1 Qb6 17. O-O Bd7 18. Be3 Nb4 19. Be2 Bb5 20. f3 Bxe2 21. Qxe2 Qa6
22. Qxa6 Rxa6 23. Ne1 Rc6 24. a3 Nc2 25. Nxc2 Rxc2 26. Rf2 Rc4 27. Rc1 Kd7 28.
Rfc2 b5 29. Kg2 Rgc8 30. Rxc4 dxc4 31. Bd2 b4 32. axb4 Bxb4 33. Bc3 Rb8 34. Kh3
Bxc3 35. Rxc3 Rb4 36. Kxh4 Kc6 37. b3 Kd5 38. bxc4+ Kxd4 39. Ra3 a4 40. c5 Kxe5
41. c6 Kd6 42. Rc3 Kc7 43. Rc5 f6 44. Kh5 Rd4 45. Kg6 Rf4 46. Rc3 e5 47. Kf7 e4
48. fxe4 Rxg4 49. Kxf6 Rxe4 50. Kf5 Re8 51. Ra3 Ra8 52. Ke4 Kxc6 1/2-1/2

[Event "Cambridge Int Open 2023"]
[Site "Cambridge ENG"]
[Date "2023.02.16"]
[Round "3.10"]
[White "Murphy, Hugh W"]
[Black "Turner, Matthew J"]
[Result "1/2-1/2"]
[BlackTitle "GM"]
[WhiteElo "2111"]
[BlackElo "2455"]
[WhiteFideId "422444"]
[BlackFideId "402893"]
[EventDate "2023.02.15"]

1. d4 d5 2. Nf3 Nf6 3. e3 g6 4. Nbd2 Bg7 5. b3 O-O 6. Bb2 b6 7. Ne5 Nfd7 8. h4
Nxe5 9. dxe5 Nc6 10. f4 f6 11. Bb5 Qd7 12. Nf3 a6 13. Bxc6 Qxc6 14. h5 Bg4 15.
hxg6 hxg6 16. Qd2 d4 17. exf6 exf6 18. Nxd4 Qe4 19. Kf2 Rad8 20. Qd3 Qxd3 21.
cxd3 c5 22. Nf3 Rxd3 23. Rhd1 Rfd8 24. Ke2 Bf5 25. Rxd3 Bxd3+ 26. Kf2 Bb5 27.
Rc1 a5 28. Rc2 a4 29. Rd2 Ra8 30. g4 Be8 31. g5 fxg5 32. Bxg7 Kxg7 33. Nxg5 axb3
34. axb3 Ra3 35. Rb2 Kf6 36. Ne4+ Ke7 37. Nd2 Bf7 1/2-1/2

[Event "Cambridge Int Open 2023"]
[Site "Cambridge ENG"]
[Date "2023.02.16"]
[Round "3.12"]
[White "Grieve, Harry"]
[Black "Nawalaniec, Adam"]
[Result "1-0"]
[WhiteTitle "IM"]
[WhiteElo "2442"]
[BlackElo "1753"]
[WhiteFideId "426520"]
[BlackFideId "21023786"]
[EventDate "2023.02.15"]

1. e4 e5 2. Nf3 d6 3. d4 Nd7 4. Bc4 Be7 5. dxe5 Nxe5 6. Nxe5 dxe5 7. Qh5 g6 8.
Qxe5 Nf6 9. Bh6 Rg8 10. Bg5 Qd6 11. Qxd6 cxd6 12. Nc3 Be6 13. Bb5+ Nd7 14. Bxe7
Kxe7 15. Bxd7 Kxd7 16. O-O-O Kc6 17. Rd4 Rad8 18. h4 h6 19. Rhd1 Rd7 20. R1d3 b5
21. a4 a6 22. b3 g5 23. hxg5 hxg5 24. Na2 Re8 25. a5 Ra8 26. Nb4+ Kc7 27. Rc3+
Kd8 28. Rc6 Ke7 29. Rxa6 Rxa6 30. Nxa6 Ra7 31. Nb4 Kd7 32. e5 Rxa5 33. Rxd6+ 1-0